| 000 | 00596nam a22002057a 4500 | ||
|---|---|---|---|
| 999 |
_c18538 _d18538 |
||
| 003 | AR-CdUCM | ||
| 008 | 190514b ||||| |||| 00| 0 spa d | ||
| 040 |
_aMUNICIPALIDAD PROVINCIAL DEL CUSCO _cBIBLIOTECA MUNICIPAL DEL CUSCO |
||
| 082 |
_a891.41 / _bAN59 / 1933 |
||
| 100 |
_aAndreieff, Leónidas _939185 |
||
| 245 | _aEl medico loco o el pensamiento / | ||
| 260 |
_aSantiago : _bOsiris, _c1933. |
||
| 300 |
_a92 paginas ; _c20 cm. |
||
| 500 | _aNovela | ||
| 650 |
_aNovela _95 |
||
| 650 |
_aHistoria _9136 |
||
| 650 |
_aLiteratura _983 |
||
| 942 |
_2ddc _cLIBROS |
||
| 945 |
_apjha _d2019-05-14 |
||